00432nam a22001337a 450000500170000001000110001702000260002803700170005410000250007124500530009626000500014927000660019930000330026520160808111832.0 a1617EN a9780195671087c575.00 bPragatiadpl aVenkata Ratnam, C.S. aIndustrial Relations /cby C.S. Venkata Ratnam,  c2015 (rp)aNew DelhibOxford University Press aYMCA Library Building, 1, Jai Singh Road, bNew Delhie110001 c24cm(pbk)axix, 747 p.bill.